| 000 | 00563nam a22001817a 4500 | ||
|---|---|---|---|
| 999 |
_c11777 _d11777 |
||
| 003 | AR-CdUCM | ||
| 008 | 190405b ||||| |||| 00| 0 spa d | ||
| 040 |
_aMUNICIPALIDAD PROVINCIAL DEL CUSCO _cBIBLIOTECA MUNICIPAL DEL CUSCO |
||
| 082 |
_22ed. _a818.5 / _bS79 / 1940 |
||
| 100 |
_aSteinbeck, John _91846 |
||
| 245 |
_aViñas de ira : _b(the graes of wratg) / |
||
| 260 |
_aBuenos Aires : _bClaridad, _c1940. |
||
| 300 |
_a536 páginas ; _c20 cm. |
||
| 650 |
_aNovela. _95 |
||
| 650 |
_aNovela Argentina. _99108 |
||
| 942 |
_2ddc _cLIBROS |
||
| 945 |
_awfj _d2019-04-05 |
||